000 00836nam a2200217Ia 4500
999 _c39883
_d39883
001 6488
003 GE_BSU
005 20191010122720.0
008 181216s1960||||ge |||||||||||||| ||geo||
040 _cGE_BSU
041 _ageo
080 _a821.353.1-31 ბ-45
100 _aბელიაშვილი, აკაკი
_94491
245 _aვეფხია ხალიბაური :
_bრომანი /
_cაკაკი ბელიაშვილი ; რედ. შ. აფხაიძე.
264 _aთბილისი :
_bსაბჭ.საქართველო ;
_c1960.
300 _a431 გვ. ;
_c20 სმ.
653 _aვეფხია ხალიბაური
653 _aრომანი
700 _aფხაიძე, შ.
_eრედაქტორი
_94670
942 _cBK
_2udc